书目信息 |
| 题名: |
隶书集字帖
|
|
| 作者: | 本社编 | |
| 分册: | ||
| 出版信息: | 上海 上海书画出版社 2006.07 |
|
| 页数: | 139页 | |
| 开本: | 33cm | |
| 丛书名: | 集字汇帖 | |
| 单 册: | ||
| 中图分类: | J292.22 | |
| 科图分类: | ||
| 主题词: | 隶书--li shu--法帖--中国--两汉时代 | |
| 电子资源: | ||
| ISBN: | 7-80725-317-7 | |
| 000 | 00714nam 2200229 450 | |
| 001 | 012007326123 | |
| 005 | 20070515153756.37 | |
| 010 | @a7-80725-317-7@dCNY28.00 | |
| 100 | @a20070108d2006 km y0chiy0120 ea | |
| 101 | 0 | @achi |
| 102 | @aCN@b310000 | |
| 105 | @ay z 000yy | |
| 200 | 1 | @a隶书集字帖@Ali shu ji zi tie@f本社编@Fben she bian |
| 210 | @a上海@c上海书画出版社@d2006.07 | |
| 215 | @a139页@d33cm | |
| 225 | 2 | @a集字汇帖@Aji zi hui tie |
| 330 | @a本书以汉代名碑《史晨碑》为集字依托,能使学书者比较便捷地从临摹转向创作,提高学习的兴趣。 | |
| 410 | 0 | @12001 @a集字汇帖 |
| 606 | 0 | @a隶书@Ali shu@x法帖@y中国@z两汉时代 |
| 690 | @aJ292.22@v4 | |
| 801 | 0 | @aCN@c20070515 |
| 905 | @a10447@dJ292.22@eS226 | |
| 隶书集字帖/本社编.-上海:上海书画出版社,2006.07 |
| 139页;33cm.-(集字汇帖) |
| ISBN 7-80725-317-7:CNY28.00 |
| 本书以汉代名碑《史晨碑》为集字依托,能使学书者比较便捷地从临摹转向创作,提高学习的兴趣。 |
| ● |
| 相关链接 |
|
|
|
正题名:隶书集字帖
索取号:J292.22/S226
 
预约/预借
| 序号 | 登录号 | 条形码 | 馆藏地/架位号 | 状态 | 备注 |
| 1 | 234569 | 202345694 | 社科库309/ [索取号:J292.22/S226] | 在馆 | |
| 2 | 234570 | 202345701 | 社科库309/ [索取号:J292.22/S226] | 在馆 | |
| 3 | 234571 | 202345710 | 社科库309/309社科库 997排1列3层/ [索取号:J292.22/S226] | 在馆 |